|
|
|
|
| LEADER |
00688nam a22001937a 4500 |
| 005 |
20151026133441.0 |
| 008 |
150903b xxu||||| |||| 00| 0 eng d |
| 020 |
|
|
|a 9788131725337
|
| 080 |
|
|
|a 004.75
|b MIL
|
| 100 |
|
|
|a Miller, Michael
|
| 245 |
|
|
|a Cloud computing
|b web based applications that change the way your work and collaborate online
|
| 260 |
|
|
|a New Delhi
|b Dorling kindersley
|c 2014
|
| 300 |
|
|
|a xiii, 293 p.
|
| 653 |
|
|
|a Cloud computing
|
| 653 |
|
|
|a Web services
|
| 653 |
|
|
|a Electronic data processing - Distributed processing
|
| 942 |
|
|
|c BK
|6 _
|
| 999 |
|
|
|c 71594
|d 71594
|
| 952 |
|
|
|0 0
|1 0
|2 udc
|4 0
|6 00475_MIL
|7 0
|9 83422
|a UL
|b UL
|d 2015-09-03
|o 004.75 MIL
|p 00073619
|r 2015-09-03
|w 2015-09-03
|y BK
|